000 00570nam a2200217Ia 4500
005 20250508160927.0
008 008 250505s9999 xx 000 0 hin d
037 _aTextBook
040 _aFEDL
_beng
_cFEDL
041 _ahin
_2hin
084 _a370.15, MAT
_qFEDL
100 _aMathur S S
_9762455
245 0 _aShiksha - manovigyan
250 _a14 rev
260 _aAgra, India
_bVinod Pustak Mandir
_c1975
300 _a784p
365 _aINR
_b18
650 _aEducational Psychology
942 _cTB
_h370.15, MAT
999 _c1367438
_d1367438